000 00586nam a2200229Ia 4500
003 OSt
005 20221005115128.0
006 a|||||r|||| 00| 0
007 ta
008 221004b |||||||| |||| 00| 0 ben d
024 _a27311
037 _cTextual
040 _aCRL
_cCRL
_bben
041 _2ben
_aben
082 _aY73(Q2)0r5923, 157M3
100 _aRudra Ashok
245 0 _aBrahmanya bhabdhara o adhunik hindu mon
260 _c1983
650 _aSOCIOLOGY
942 _hY73(Q2)0r5923, 157M3
_cTEXL
_2cc
999 _c1033489
_d1033489